000 00556nam a22002057a 4500
003 UA-OsUOA
001 47463
007 ta
008 20120615b un ||||| |||| 00| 0 ukr d
090 _a94(477).09
_bВ61
942 _cAV
040 _aUA-OsUOA
_bukr
_cUA-OsUOA
_dUA-OsUOA
245 _aВогонь і зброя. Розповідь про УПА на Закерзонні (DVD)
955 _a4
041 _aukr
080 _a94(477).09
260 _c2008
650 7 _a9 Географія. Біографії. Історія
_2UDC
999 _c427564
_d427564